000 00357nam a2200145Ia 4500
008 230312s9999||||xx |||||||||||||| ||und||
020 _a0-273-73804-6
082 _a720.19
_bGRE-M
100 _aGreeno; Roger
245 0 _aMitchell's Introduction to Building
260 _bPerason
_aEngland
_c2013
300 _a312
650 _aArchitecture
942 _cBK
999 _c11791
_d11791